| 000 | 00964cam a22002897a 4500 | ||
|---|---|---|---|
| 003 | CHAP | ||
| 005 | 20220329140942.0 | ||
| 008 | 971013s r 00010 d | ||
| 010 | _a60333 | ||
| 011 | _a61305 | ||
| 035 | _a65469 | ||
| 040 | _cCHAP | ||
| 090 | _aR-3549 | ||
| 100 | 0 | 0 |
_aDíaz Barriga Arceo, Frida. _933370 |
| 245 | 0 | _aDiseño de estrategias de instrucción cognoscitivas | |
| 500 | _aFotocopia | ||
| 500 | _aSobretiro de : Díaz, F. Diseño de estrategias de instrucción cognoscitivas. México, D. F. : UNAM. Facultad de Psicología, 1993. p.p. 1-33 | ||
| 590 |
_aBATCH-UPD _b10 _c20130110 _lUCH01 _h0535 |
||
| 590 |
_aBATCH-UPD _b10 _c20130410 _lUCH01 _h0216 |
||
| 590 |
_aBATCH-UPD _b10 _c20130914 _lUCH01 _h1216 |
||
| 590 |
_aCONVERSION _b10 _c20130109 _lUCH01 _h1332 |
||
| 650 | 1 | 4 |
_aEducación _xMetodología. _935463 |
| 650 | 1 | 4 |
_aEnseñanza. _937085 |
| 901 | _aBK | ||
| 942 | _cREIMP | ||
| 949 |
_aR-3549 _bBC _cR _d-146166 _eTS1 _i65469 _mD _si |
||
| 999 |
_c60333 _d60333 |
||